The pacification of Central America : Political change in the Isthmus, 1987-1993 /
Se brinda un resumen de los principales desarrollos políticos en Centroamérica durante la década de 1980, con sus crisis económicas y guerras civiles. El libro consta de tres partes: un ensayo que describe la situación centroamericana en términos de la economía, género, salud, intervención estadouni...
Sparad:
| Huvudupphovsman: | |
|---|---|
| Materialtyp: | Okänd |
| Språk: | English |
| Publicerad: |
New York (State) :
Verso,
|
| Ämnen: | |
| Taggar: |
Lägg till en tagg
Inga taggar, Lägg till första taggen!
|
MARC
| LEADER | 00000 a2200000 04500 | ||
|---|---|---|---|
| 001 | 40041 | ||
| 003 | CRAI/IIS | ||
| 005 | 20210528165914.0 | ||
| 008 | 050621s1999 nyu eng d | ||
| 020 | |a 0-86091-4232 | ||
| 040 | |c CRAI/IIS |a Centro de Recursos para el Aprendizaje y la Investigación |b Español | ||
| 090 | |a 05.03.04 D919p | ||
| 100 | |a Dunkerley, James | ||
| 245 | |a The pacification of Central America : |b Political change in the Isthmus, 1987-1993 / |c James Dunkerley | ||
| 260 | |a New York (State) : |b Verso, | ||
| 300 | |a 150 páginas | ||
| 500 | |a Colección Cambio Social donada por Paul Almeida | ||
| 500 | |a Colección Centroamérica | ||
| 520 | |a Se brinda un resumen de los principales desarrollos políticos en Centroamérica durante la década de 1980, con sus crisis económicas y guerras civiles. El libro consta de tres partes: un ensayo que describe la situación centroamericana en términos de la economía, género, salud, intervención estadounidense y otros temas; una cronología política de 1987 a 1993, y otros apéndices con datos diversos sobre los países de la región. | ||
| 590 | |a DISEMINAR072010 |a DISEMINAR072010/EFU/SETIEMBRE2010 |a DISEMINAR072010 |a DISEMINAR072010/EFU/SETIEMBRE2010 | ||
| 650 | |a AMERICA CENTRAL |0 TESAUROS | ||
| 650 | |a GUERRA CIVIL |0 TESAUROS | ||
| 650 | |a CRISIS POLITICA |0 TESAUROS | ||
| 650 | |a ANALISIS HISTORICO |0 TESAUROS | ||
| 852 | 1 | 1 | |a 05.03.04 D919p |
| 942 | |2 ddc |c LI |h 05.03.04 |i D919p |k 05.03.04 |m D919p |6 050304_D919P | ||
| 999 | |c 4762 |d 4762 | ||



